Electric motor drives : (Record no. 134836)

MARC details
000 -LEADER
fixed length control field 00802nam a22002537a 4500
003 - CONTROL NUMBER IDENTIFIER
control field dpl
005 - DATE AND TIME OF LATEST TRANSACTION
control field 20180704180415.0
008 - FIXED-LENGTH DATA ELEMENTS--GENERAL INFORMATION
fixed length control field 180608b xxu||||| |||| 00| 0 eng d
010 ## - LIBRARY OF CONGRESS CONTROL NUMBER
LC control number B-106365
020 ## - INTERNATIONAL STANDARD BOOK NUMBER
Terms of availability 275.00
International Standard Book Number 8120321685
035 ## - SYSTEM CONTROL NUMBER
System control number B-106365, B-106375, B-106367
037 ## - SOURCE OF ACQUISITION
Source of stock number/acquisition Cen Lib/Ret
040 ## - CATALOGING SOURCE
Original cataloging agency DPL
Language of cataloging EN
Transcribing agency 0
082 ## - DEWEY DECIMAL CLASSIFICATION NUMBER
Classification number 621.381
Item number KRI
100 ## - MAIN ENTRY--PERSONAL NAME
Personal name Krishnan, R.
9 (RLIN) 41913
245 ## - TITLE STATEMENT
Title Electric motor drives :
Statement of responsibility, etc by R.Krishnan
Remainder of title modeling, analysis, and control /
260 ## - PUBLICATION, DISTRIBUTION, ETC. (IMPRINT)
Place of publication, distribution, etc New Delhi
Name of publisher, distributor, etc Prentice Hall of India
Date of publication, distribution, etc 2001
270 ## - ADDRESS
Address M-97, Connaught Circus
City New Delhi
Postal code 110001
300 ## - PHYSICAL DESCRIPTION
Extent xxviii,626p. :
Dimensions 24cm(pbk)
Other physical details ill.
500 ## - GENERAL NOTE
General note Includes index
650 ## - SUBJECT ADDED ENTRY--TOPICAL TERM
Topical term or geographic name as entry element Electric driving
9 (RLIN) 41914
650 ## - SUBJECT ADDED ENTRY--TOPICAL TERM
Topical term or geographic name as entry element Motor drives
9 (RLIN) 41915
942 ## - ADDED ENTRY ELEMENTS (KOHA)
Source of classification or shelving scheme Dewey Decimal Classification
Koha item type English Books
Classification part 621.381
Call number suffix KRI
Holdings
Withdrawn status Lost status Damaged status Not for loan Home library Current library Date acquired Source of acquisition Cost, normal purchase price Total Checkouts Full call number Barcode Date last seen Date checked out Copy number Cost, replacement price Price effective from Koha item type Source of classification or shelving scheme Collection code Total Renewals
        Central Library Central Library 31/07/2015 Cen Lib/Ret 275.00 4 621.381 KRI B-106365 08/11/2021 28/10/2021 1 275.00 31/07/2015 English Books      
        Patel Nagar Patel Nagar 04/07/2018 BPPD/Pub 275.00   621.381 KRI B-106367 04/07/2018     275.00 04/07/2018 English Books Dewey Decimal Classification Non-fiction  
        Sarojini Nagar Sarojini Nagar 28/05/2019     1 621.381 KRI B-106369 03/10/2022 16/09/2022     28/05/2019 English Books Dewey Decimal Classification Non-fiction  
        Shahdara Branch Shahdara Branch 08/06/2018 BPPD/PUB 275.00 2 621.381 KRI B-106375 14/07/2019 16/06/2019   275.00 08/06/2018 English Books Dewey Decimal Classification Non-fiction 1

© Delhi Public Library
Hit Counter
free hit counter